Si todos los sueños..
Saved in:
| Main Author: | |
|---|---|
| Format: | Book |
| Language: | Spanish |
| Published: |
Ciudad de México
Fondo Educativo Interamericano
1982
|
| Subjects: | |
| Tags: |
Add Tag
No Tags, Be the first to tag this record!
|
MARC
| LEADER | 00000nam a2200000 a 4500 | ||
|---|---|---|---|
| 001 | UCQ6884 | ||
| 003 | CL-VaPUC | ||
| 008 | 981023e19820000MX |||||||||||||||||spa|d | ||
| 082 | 0 | 4 | |a 861 |b NAR |2 21 |
| 100 | |a Narosky, José |e autor |9 420808 | ||
| 245 | 1 | 0 | |a Si todos los sueños.. |
| 300 | |a 145 p | ||
| 942 | |c BK | ||
| 945 | |d 19981023 00:00:00 |a crobeson | ||
| 260 | |a Ciudad de México |b Fondo Educativo Interamericano |c 1982 | ||
| 650 | 0 | |a Poesías españolas |9 265100 | |
| 650 | 0 | |a Literatura española |9 306261 | |
| 583 | |a last modification |c 19981023 00:00:00 |k Rodrigo Vera | ||
| 999 | |c 276782 |d 276780 | ||
| 952 | |0 0 |1 0 |4 0 |6 861_000000000000000_NAR_1982 |7 0 |8 A |9 314250 |a BIBEDU |b BIBEDU |d 2019-11-20 |i 1484915 |o 861 NAR 1982 |p 1484915 |r 2019-11-20 |w 2019-11-20 |y BK |k LIT | ||